000
00306nam a22001337a 4500
008
171019b xxu||||| |||| 00| 0 eng d
020
_a
0873891163
041
_a
eng
080
_a
331
100
_a
52
101
_a
PUN
245
_a
A STEP-BY-STEP GUIDE TO IMPLEMENTATION
_c
WEAVER,CH.N
942
_2
udc
_c
BK
999
_c
34900
_d
34900